[Event "Asia-ch U18"]
[Site "Hikkaduwa"]
[Date "2012.06.27"]
[Round "4.3"]
[White "Patil, Pratik"]
[Black "Lagula, Dominique"]
[Result "1/2-1/2"]
[WhiteElo "2205"]
[BlackElo "2044"]
[PlyCount "79"]
[EventDate "2012.06.26"]
[EventType "swiss"]
[EventRounds "9"]
[EventCountry "SRI"]
[SourceTitle "EXT 2024"]
[Source "ChessBase"]
[SourceDate "2023.10.10"]
[SourceVersion "1"]
[SourceVersionDate "2023.10.10"]
[SourceQuality "1"]

1. e4 c5 2. c3 g6 3. d4 cxd4 4. cxd4 d5 5. e5 Bg7 6. Nc3 Nc6 7. Bb5 e6 8. Nge2 h6 9. Be3 Nge7 10. Qd2 Nf5 11. 0-0 0-0 12. Bxc6 bxc6 13. Na4 Rb8 14. Rfc1 f6 15. f4 fxe5 16. fxe5 Rb7 17. b3 Rbf7 18. Rxc6 Bd7 19. Rc5 Bxa4 20. bxa4 Nxe3 21. Qxe3 Qh4 22. Rcc1 Rf2 23. Rf1 Rxf1+ 24. Rxf1 Rxf1+ 25. Kxf1 Qxh2 26. Nf4 Qh1+ 27. Qg1 Qxg1+ 28. Kxg1 Kf7 29. Kf2 Bf8 30. Nd3 h5 31. g4 hxg4 32. Kg3 Bh6 33. Nc5 Be3 34. Nb3 g5 35. Kxg4 Ke7 36. Kf3 Bf4 37. Kg4 Kf7 38. Kf3 Kg6 39. Kg4 Be3 40. Kf3 1/2-1/2

[Event "Asia-ch U18"]
[Site "Hikkaduwa"]
[Date "2012.06.26"]
[Round "1.1"]
[White "Lagula, Dominique"]
[Black "Tran, Tuan Minh"]
[Result "0-1"]
[WhiteElo "2044"]
[BlackElo "2266"]
[PlyCount "90"]
[EventDate "2012.06.26"]
[EventType "swiss"]
[EventRounds "9"]
[EventCountry "SRI"]
[SourceTitle "EXT 2024"]
[Source "ChessBase"]
[SourceDate "2023.10.10"]
[SourceVersion "1"]
[SourceVersionDate "2023.10.10"]
[SourceQuality "1"]

1. e4 e6 2. d4 d5 3. Nd2 Nf6 4. e5 Nfd7 5. Bd3 b6 6. Ngf3 Ba6 7. Bxa6 Nxa6 8. 0-0 c5 9. c4 Nc7 10. cxd5 Nxd5 11. Ne4 h6 12. Qa4 Be7 13. Be3 0-0 14. Rfd1 Qc7 15. Rac1 Nxe3 16. fxe3 Qb7 17. Nd6 Bxd6 18. exd6 Rac8 19. Ne5 b5 20. Qa3 cxd4 21. exd4 Nf6 22. Rc5 b4 23. Qa5 Qe4 24. d7 Qe3+ 25. Kh1 Ne4 26. Nd3 Rcd8 27. Rc7 Qxd4 28. Qxa7 Qd6 29. Qb7 f5 30. h3 Rf7 31. Rc6 Qxd7 32. Qb6 Qd4 33. Rxe6 Qxb6 34. Rxb6 Rxd3 35. Rxd3 Nf2+ 36. Kg1 Nxd3 37. a3 Re7 38. Rd6 bxa3 39. bxa3 Nf4 40. Kf1 Ra7 41. Rd4 Ne6 42. Rd3 Kf7 43. Ke1 g5 44. g3 Kf6 45. Rb3 Ra6 0-1